Mestská hromadná doprava

Bibliographic Details
Main Author: Habarda, Dušan, 1930- (Author)
Format: Book
Language:Slovak
PhysicalDescription:438 strán fotografie, grafy, ilustrácie, schémy, tabuľky 24 cm 3 voľné listy
Published: Bratislava Praha Alfa Státní nakladatelství technické literatury 1988
Edition:2. preprac. vyd.
Series:Edícia dopravnej literatúry
Subjects:

MARC

LEADER 00000cam a2200000 a 4500
001 vtls001123155
003 SK-MaSNL
005 20260301182252.0
008 251104s1988 xo odalfrnp 000 0 slo
015 |a SNBA1988/12 
020 |c (viazané) 
035 |a SNK000065998 
035 |a 06042E7A-9F3B-4A76-AE87-BCB492A9B5DC 
035 |a urn:nbn:sk:snk-am00ibco 
040 |a SNK  |b slo  |c SNK  |e AACR2 
041 0 |a slo 
044 |a xo  |c SK  |a xr  |c CZ 
072 7 |a 656  |x Doprava  |2 konspekt 
072 7 |a 37.016  |x Učebné osnovy. Vyučovacie predmety. Učebnice  |2 konspekt 
080 |a 656.121  |2 2011 
080 |a (075.8)  |2 2011 
100 1 |a Habarda, Dušan,  |d 1930-  |4 aut  |9 98682 
245 1 0 |a Mestská hromadná doprava  |c Dušan Habarda 
250 |a 2. preprac. vyd. 
260 |a Bratislava  |b Alfa  |a Praha  |b Státní nakladatelství technické literatury  |c 1988 
300 |a 438 strán  |b fotografie, grafy, ilustrácie, schémy, tabuľky  |c 24 cm  |e 3 voľné listy 
366 |e 2500 výtl. 
490 1 |a Edícia dopravnej literatúry 
500 |a Fotografia na predsádkach. Poznámky 
504 |a Bibliografia na konci kapitol 
521 |a Pre poslucháčov Vysokej školy dopravy a spojov, aj pomôcka technikom a inžinierom podnikov MHD a pracovníkom rezortu dopravy 
650 0 7 |a mestská hromadná doprava  |2 SNKPH  |9 71604 
655 7 |a učebnice vysokých škôl  |2 SNKPH  |9 70191 
830 0 |a Edícia dopravnej literatúry  |9 277044 
852 |a Slovenská národná knižnica 
954 |a odborná, vedecká literatúra pôvodná (slovenská)  |2 lita 
958 |a OND 
958 |a NB 
999 |c 853049  |d 854979 
952 |a SNK  |b SNK  |y VYP  |7 0  |p 17A0475535  |o snkSC 73002/príl.1-3 D1  |i snkKSP 10165/88  |3 3 voľné listy  |z Prílohy  |0 0  |1 0  |4 0  |d 2007-03-05  |l 0  |r 2026-02-24 04:47:31  |w 2026-02-24 
952 |a SNK  |b SNK  |y PREZ  |7 0  |p 17A0475534  |o snkSC 73002/príl.1-3  |i snkKSP 10164/88  |z Príloha 3 voľné listy  |0 0  |1 0  |4 0  |d 2007-03-05  |f 1  |l 0  |r 2025-07-28 00:00:00  |w 2026-02-24 
952 |a SNK  |b SNK  |y PREZ  |7 0  |p 17A0475533  |o snkSC 73002  |i snkKSP 10164/88  |3 Prílohy: 3 voľné listy  |0 0  |1 0  |4 0  |d 2007-03-05  |f 1  |l 0  |r 2025-07-28 00:00:00  |w 2026-02-24 
952 |a SNK  |b SNK  |y VYP  |7 0  |p 17A0099489  |o snkSC 73002 D1  |i snkKSP 10165/88  |3 Prílohy: 3 voľné listy  |z prílohy: ; obr.: 5.3, 5.4, ; obr.: 5.9, 5.15, ; obr.: 6.10, 6.14, ;   |0 0  |1 0  |4 0  |d 1997-09-29  |l 0  |r 2004-12-31 00:00:00  |w 2026-02-24